Livro mágico infantil (Registo nº 1997)

Detalhes MARC
000 -Etiqueta do registo
Cabeçalho 00985nam a22003131 4500
005 - Identificador da versão
Campo de controlo 20240813121921.0
095 ## -
-- PTBN00000657
021 ## - Número do Depósito Legal
Código do país PT
100 ## - Dados gerais de processamento
Dados gerais de processamento 20070627d1980 cd y0pory5003 ba
102 ## - Pais de publicação ou produção
País de publicação Portugal
101 1# - Língua de publicação
Língua do texto, banda sonora, etc. Português
Língua do documento no original Espanhol
106 ## - Campo de dados codificados: material textual
Dados codificados do material textual r
105 ## - Campo de dados codificados: livros
Dados codificados dos livros a z 000zy
215 ## - Descrição física 
Indicação específica da natureza do documento e extensão da espécie 48 p.
Outras indicações físicas todo il.
Dimensões 32 cm
200 1# - Titulo e menção de responsabilidade
Título próprio Livro mágico infantil
Informação de outro título noções de coisas sob a forma de adivinhas
Primeira menção de responsabilidade texto de Eulália Gomá
Outras menções de responsabilidade il. Jorge Pratmarsó
-- trad. E. Coelho da Silva
210 ## - Publicação, Distribuição, etc. 
Lugar da edição, distribuição, etc. Porto
Nome do editor, distribuidor, etc. Porto Editora
Data da publicação, distribuição, etc. imp. 1980
304 ## - Notas relativas a título e menção de responsabilidade 
Texto da nota Tít orig.: Diccíonario mágico infantil
606 ## - Nome comum usado como assunto
Número de registo de entrada de autoridade 0000148
Palavra de ordem Literatura estrangeira infantil
Subdivisão de assunto Poesia
Número de registo de entrada de autoridade 0000094
Palavra de ordem Adivinhas
675 ## - Classificação Decimal Universal (CDU)
Notação 82-1
Edição
Língua da edição por
702 #1 - Nome de autor-pessoa física (responsabilidade secundária)
Número de registo de entrada de autoridade 0000684
Palavra de ordem Silva
Outra parte do nome não tomada para palavra de ordem E. Coelho da
Código de função Tradutor
701 #1 - Nome de autor-pessoa física (co-responsabilidade principal)
Palavra de ordem Pratmarsó
Outra parte do nome não tomada para palavra de ordem Jorge
Código de função Ilustrador / Técnico de desenho computorizado
700 #1 - Nome de autor-pessoa física (responsabilidade principal)
Número de registo de entrada de autoridade 0000682
Palavra de ordem Gomá
Outra parte do nome não tomada para palavra de ordem Eulália
942 ## - Elementos de entrada adicionados (Koha)
Tipo de item no Koha Livro
Exemplares
Situação do levantamento Origin of item (home branch) (coded) Biblioteca de empréstimo Código de barras Cota Circulation type (not for loan) Tipo de documento Nota do exemplar Damaged status
  Biblioteca Escolar da Coca Maravilhas Biblioteca Escolar da Coca Maravilhas BECM846/90 8EST POE GOM   Livro Sem mensagem